Historiografía latinoamericana contemporánea
Shranjeno v:
| Main Authors: | , |
|---|---|
| Format: | Knjiga |
| Jezik: | španščina |
| Izdano: |
Ciudad de México
Universidad Nacional Autónoma de México
1999
|
| Izdaja: | 1a. ed |
| Teme: | |
| Oznake: |
Označite
Brez oznak, prvi označite!
|
MARC
| LEADER | 00000nam a2200000 a 4500 | ||
|---|---|---|---|
| 001 | UCG2749 | ||
| 003 | CL-VaPUC | ||
| 008 | 100723e19990000MX |||||||||||||||||spa|d | ||
| 020 | |a 9683673333 | ||
| 082 | 0 | 4 | |a 907.2 |b SOS |2 21 |
| 100 | 0 | |a Sosa, Ignacio |e author |9 551337 | |
| 700 | 0 | |a Connaughton, Brian |e author |9 551338 | |
| 245 | 1 | 0 | |a Historiografía latinoamericana contemporánea |
| 250 | |a 1a. ed | ||
| 300 | |a 270 p | ||
| 942 | |c BK | ||
| 945 | |d 20100723 00:00:00 |a mfarfan | ||
| 260 | |a Ciudad de México |b Universidad Nacional Autónoma de México |c 1999 | ||
| 650 | 0 | |a Historiografía |9 257871 | |
| 651 | 0 | |a América Latina |9 255027 | |
| 583 | |a last modification |c 20100723 00:00:00 |k Rodrigo Vera | ||
| 999 | |c 341875 |d 341873 | ||
| 952 | |0 0 |1 0 |4 0 |6 907_200000000000000_SOS_1999 |7 0 |8 A |9 437678 |a BIBHIS |b BIBHIS |d 2019-11-22 |i 4697650 |l 2 |o 907.2 SOS 1999 |p 4697650 |r 2025-01-20 |s 2024-05-15 |w 2019-11-22 |y BK |k HIS | ||